Alegatos Coyuntural

Detalles Bibliográficos
Formato: eBook
Lenguaje:español
Publicado: Mx̌ico D.F.: Universidad Autn̤oma Metropolitana , 2015 -
Materias:
Acceso en línea:Acceso restringido

MARC

LEADER 00000nam a22000007a 4500
005 20170518123844.0
007 cr|||| ||||
008 170518c20159999mx x|| s|||| 0|||b1spa d
035 |a 14593 
040 |a vLex 
090 |c 6657  |d 6657 
245 0 0 |a Alegatos Coyuntural  |h [Recurso electrn̤ico] 
256 |a Servicio en ln̕ea 
260 |a Mx̌ico D.F.:  |b Universidad Autn̤oma Metropolitana ,  |c 2015 - 
300 |a 1 recurso electrn̤ico 
362 |a Nm︢. 1 (2015) - 
506 0 |a Contenido disponible en los productos indicados  |d vLex Global  |d vLex Global (Academic Edition, excluding Law Schools)  |d vLex Global (U.S. Academic Edition, Law Schools)  |d vLex Global (U.S. Academic Edition, excluding Law Schools)  |d vLex Global (Academic Edition, Law Schools) 
650 0 4 |a Derecho  |z Mx̌ico 
740 0 |a vLex revistas (Servicio en ln̕ea) 
856 4 0 |u http://vlex.com/source/alegatos-coyuntural-14593  |z Acceso restringido 
942 |c REV 
999 0 |a Law